00438nam a2200157Ia 450000500170000000800410001704000190005804100120007708200130008910000230010224500770012526000390020230000100024165000190025185000100027020240730101533.0131103s9999 xx 000 0 und d aLoreto College aEnglish a821bSMI aSmith, J. Westgate aAt first sightb poems for analysis and appreciation cJ. Westgate Smith aLondonbUniversity of Londonc1964 a88p.  aEnglish poetry aLCBED